000 00679nam a2200217 a 4500
001 16179
003 BD-RjUL
005 20211208235953.0
008 140211s1969 enk b 001 0 eng
035 _a(BD-RjUL)16234
040 _aLC
_beng
_cLC
_dBD-RjUL
041 _aeng
082 0 4 _a332.0954
_bGUC 1969
_223
100 1 _aGupta, L. C.
_q(Lakshmi Chandra),
_d1930-
_950069
245 1 4 _aThe changing structure of industrial finance in India :
_bthe impact of institutional finance /
_cL. C. Gupta.
260 _aOxford :
_bClarendon P.,
_c1969.
300 _axv, 182 p. ;
_c25 cm.
504 _aBibliography: p. [171]-175.
650 0 _aFinance
_zIndia.
_950070
942 _2ddc
_cBK
999 _c16179
_d16179